Principios de derecho privado germánico.

Bewaard in:
Bibliografische gegevens
Hoofdauteur: Planitz, Hans (autor)
Andere auteurs: Melón Infante, Carlos (traducción directa de la tercera edición alemana), García-Gallo de Diego, Alfonso (prólogo a la versión española)
Formaat: Boek
Taal:Spaans
Gepubliceerd in: Barcelona, España: Bosch, 1957.
Onderwerpen:
Tags: Voeg label toe
Geen labels, Wees de eerste die dit record labelt!

MARC

LEADER 00000nam a2200000 a 4500
001 UCR2509
003 CL-VaPUC
005 20240307142442.0
008 980112e19570000SP |||||||||||||||||spa|d
999 |c 265644  |d 265642 
040 |c Pontificia Universidad Católica de Valparaíso 
082 0 4 |a 346.43 PLA 1957  |2 21 
100 0 |a Planitz, Hans  |e autor  |9 400373 
245 1 0 |a Principios de derecho privado germánico. 
260 |a Barcelona, España:   |b Bosch,  |c 1957.  
300 |a 467 páginas.  
500 |a c.2 Donación Familia Prof. Alejandro Guzmán Brito. 
583 |a last modification  |c 19980112 00:00:00  |k Rodrigo Vera 
650 0 |a Historia del derecho  |9 255109 
650 7 |a DERECHO PRIVADO ALEMAN  |2 CL-VaPUC  |9 400374 
650 0 |a Normas jurídicas  |9 258310 
650 7 |a PERSONAS NATURALES  |2 CL-VaPUC  |9 400375 
650 0 |a Personas jurídicas  |9 257259 
650 0 |a Derecho de propiedad  |9 256450 
650 7 |a DERECHOS DE LA PERSONALIDAD  |2 CL-VaPUC  |9 400376 
650 0 |a Derecho de familia  |9 255603 
651 0 |a Alemania  |9 255688 
700 |a Melón Infante, Carlos  |9 386467  |e traducción directa de la tercera edición alemana 
700 |a García-Gallo de Diego, Alfonso  |e prólogo a la versión española  |9 887577 
942 |c BK  |2 ddc  |n 0 
945 |d 19980112 00:00:00  |a crobeson 
952 |0 0  |1 0  |4 0  |6 346_430000000000000_PLA_1957  |7 0  |8 DER_HIS  |9 296651  |a BIBDER  |b BIBDER  |d 2019-11-20  |i 1924222  |o 346.43 PLA 1957  |p 1924222  |r 2023-01-25  |w 2019-11-20  |x Ubicación 4to Piso  |y BK  |z Estos recursos deben solicitarse con anticipación  |k DER